Human Resources Research Methods. (Record no. 1920)

MARC details
005 - DATE AND TIME OF LATEST TRANSACTION
control field 20250505120442.0
020 ## - INTERNATIONAL STANDARD BOOK NUMBER
International Standard Book Number 0-19-568910-0
082 ## - DEWEY DECIMAL CLASSIFICATION NUMBER
Classification number 658.3 BHA
100 ## - MAIN ENTRY--PERSONAL NAME
Author name BHATTACHARYYA, D. K.
245 ## - TITLE STATEMENT
Title Human Resources Research Methods.
260 ## - PUBLICATION, DISTRIBUTION, ETC.
Place of publication, distribution, etc. New delhi,
Name of publisher, distributor, etc. Oxford University,
Date of publication, distribution, etc. 2007.
300 ## - PHYSICAL DESCRIPTION
Extent xiv, 521p.: ill.; figure, table
Other physical details Index.
Dimensions 24cm
942 ## - ADDED ENTRY ELEMENTS (KOHA)
Source of classification or shelving scheme Dewey Decimal Classification
Koha item type Books
Holdings
Date last seen Total checkouts Full call number Barcode Cost, replacement price Price effective from Koha item type Lost status Source of classification or shelving scheme Damaged status Not for loan Withdrawn status Home library Current library Shelving location Date acquired Cost, normal purchase price Source of acquisition
06/30/2025   658.3 BHA DOM0004566 90000.00 05/05/2025 Books   Dewey Decimal Classification       CBE Dodoma CBE Dodoma General Collection 04/06/2018 30000.00 Library budget
05/05/2025   658.3 BHA 0000007413 197700.00 05/05/2025 Books   Dewey Decimal Classification       College of Business Education Main Library College of Business Education Main Library General Collection 04/06/2018 65900.00